Lorde - Supercut paroles - Statistiques

Statistiques générales
  • Ce quiz a été pris 28 fois
  • Le résultat moyen est 304 sur 377
Statistiques - réponses
Réponse % Correct
a
100%
I
100%
do
94%
it
94%
of
94%
supercut
94%
Supercut
94%
the
94%
The
94%
us
94%
you,
94%
you
94%
for
89%
head,
89%
head
89%
In
89%
in
89%
(In
89%
it's
89%
just
89%
love
89%
me
89%
my
89%
play
89%
to
89%
up
89%
we
89%
We
89%
when
89%
When
89%
(When
89%
about
83%
All
83%
all
83%
call
83%
call,
83%
dark
83%
everything
83%
never
83%
right)
83%
right
83%
your
83%
and
78%
And
78%
But
78%
car,
78%
Come
78%
fight)
78%
fight
78%
forgive
78%
gave
78%
had
78%
home
78%
keep
78%
magic
78%
moments
78%
Oh,
78%
radio
78%
reach
78%
stop
78%
talk
78%
visions
78%
be
72%
Be
72%
crush
72%
heart,
72%
off
72%
over
72%
So
72%
touch
72%
tryin'
72%
wild
72%
Wild
72%
Because
67%
fluorescent
67%
I'll
67%
I'm
67%
lost
67%
rush
67%
These
67%
were
67%
afternoon
61%
'Cause
61%
crazy
61%
Make
61%
fall
56%
violent
56%
motion,
50%
overnight
50%
Slow
50%
there's
50%
wrap
50%
not
44%
turn
44%
may
39%
our
39%
ribbons
39%
stars
39%
are
33%
cars
33%
Into
33%
quiet
33%
someone,
33%
uh
33%
watchin'
33%
stages
28%
continents
22%
ours
17%
Aucun quiz correspondant
Distribution des résultats
% des personnes avec chaque résultat
Percentile par nombre de réponses
Votre historique - résultats
Vous n’avez pas pris ce quiz